|
|
|
|
| LEADER |
00758cam a2200193 7i4500 |
| 001 |
0000004454 |
| 005 |
20170218090000.0 |
| 020 |
|
|
|a 0471479136 (hbk.)
|
| 090 |
0 |
0 |
|a HC415.I53
|b M33 2002
|
| 245 |
0 |
0 |
|a Marketing Asian places :
|b attracting investment, industry, and tourism to cities, states, and nations
|c Philip Kotler ... [et al.].
|
| 260 |
|
|
|a Singapore:
|b John Wiley & Sons (Asia),
|c 2002.
|
| 300 |
|
|
|a xiii, 443 p.:
|b ill., maps;
|c 24 cm.
|
| 504 |
|
|
|a Includes bibliographical references and index
|
| 650 |
0 |
0 |
|a Tourism --
|z Asia
|
| 650 |
0 |
0 |
|a Investments, Foreign --
|z Asia
|
| 650 |
0 |
0 |
|a Industrial promotion --
|z Asia
|
| 700 |
1 |
|
|a Kotler, Philip
|
| 997 |
|
|
|a Business & Accountancy, Faculty
|
| 999 |
|
|
|a 0000008887
|b BOK
|c OPEN SHELF
|e 1st Floor, Bestari Jaya
|